| 000 | 01525cam a22004214i 4500 | ||
|---|---|---|---|
| 003 | PE-LiUPU | ||
| 005 | 20250731173204.0 | ||
| 008 | 150625s1979 mx r 000 0 spa d | ||
| 035 | _a(Sirsi) a30616 | ||
| 040 |
_aPE-LiUPU _bspa _cPE-LiUPU _erda |
||
| 082 | 0 | 4 |
_a220.09 / CC / 8 _bB15 _221 |
| 100 | 1 |
_aCamargo, G. Báez, _eautor. |
|
| 245 | 1 | 0 |
_aBreve Historia del Canon Bíblico / _cBáez G. Camargo. |
| 264 | 1 |
_aMexico : _bEdiciones Iluminar, _c1979. |
|
| 300 |
_a119 páginas ; _c21 centímetros |
||
| 336 |
_atext _2rdacontent |
||
| 337 |
_aunmediated _2rdamedia |
||
| 338 |
_avolume _2rdacarrier |
||
| 505 | 0 | _aFormación del Canon Hebreo -- Formación del canon griego (Septuaginta) -- Formación del canon del nuevo testamento -- Bibliografía selecta. | |
| 526 | _aSEG42 | ||
| 526 | _aSEG41 | ||
| 526 | _aSEG40 | ||
| 526 | _aSEG39 | ||
| 526 | _aP94 | ||
| 526 | _aP87 | ||
| 526 | _aP86 | ||
| 526 | _aP85 | ||
| 526 | _aP77 | ||
| 526 | _aP76 | ||
| 526 | _aP35 | ||
| 650 |
_aBiblia. _xCanon. |
||
| 650 | 0 | 4 |
_aBiblia. _xHistoria. _95921 |
| 942 |
_2ddc _cBOOK |
||
| 949 |
_a220.09 / CC / 8 B15 _wDEWEY _c1 _i37023 _lCCODEBUL1 _mBUL _p00.00 _r0 _sY _tBOOK _u2015-06-25 _xBIBLIOTECA _zUNKNOWN _0COMPRA _o.STAFF. Colección General |
||
| 596 | _a1 | ||
| 999 |
_a220.09 / CC / 8 B15 _wDEWEY _c38080 _i37023 _d38080 _e2019-5-27 _f2021-11-11 _g5 _lCCODEBUL1 _mBUL _n21 _p12.00 _q7 _r0 _sY _tBOOK _u2015-6-25 _xTEOLOGIA _PP35 _0COMPRA _o.STAFF. Colección Teología |
||
| 980 |
_81 _gALBERTO SANCHEZ Responsable de Automatización |
||